MCU characters by picture 2 - Statistics

General Stats
  • This quiz has been taken 22 times
  • The average score is 9 of 16
Answer Stats
Picture Answer % Correct
The Wolverine
100%
Deadpool
90%
Professor X
90%
Iceman
85%
Beast
80%
Magneto
80%
Mystique
75%
Storm
75%
Colossus
60%
Negasonic Teenage Warhead
45%
Kitty Pryde
35%
Bishop
30%
Blink
30%
Sunspot
30%
Ajax
20%
Warpath
15%
No matching quizzes found
Score Distribution
Percent of People with Each Score
Percentile by Number Answered
Your Score History
You have not taken this quiz